|
|
|
|
| LEADER |
00000nam a2200000Ii 4500 |
| 001 |
DIGOLEJNK1364 |
| 003 |
NyNyDIG |
| 006 |
m o d |
| 007 |
cr ||||||||||| |
| 008 |
251203s2023 cl o 000 0 spa d |
| 035 |
|
|
|a (OCoLC)1430476658
|
| 040 |
|
|
|a DGITA
|b eng
|e rda
|e pn
|c DGITA
|
| 020 |
|
|
|z 9789564073835
|
| 041 |
1 |
|
|a spa
|h ita
|
| 043 |
|
|
|a e-it---
|
| 050 |
1 |
4 |
|a KKH962 ebook
|
| 100 |
1 |
|
|a Messineo, Francesco,
|d 1886-1974,
|e author.
|
| 240 |
1 |
0 |
|a Operazioni di borsa e di banca.
|l Spanish
|s (Gay de Montellá)
|
| 245 |
1 |
0 |
|a Operaciones de bolsa y de banca :
|b estudios jurídicos /
|c Francisco Messineo ; edición al cuidado de Carlos Antonio Agurto Gonzáles, Sonia Lidia Quequejana Mamani, Benigno Choque Cuenca ; traducción de R. Gay de Montellá.
|
| 264 |
|
1 |
|a Santiago, Chile :
|b Ediciones Olejnik,
|c [2023]
|
| 300 |
|
|
|a 1 online resource.
|
| 336 |
|
|
|a text
|b txt
|2 rdacontent
|
| 337 |
|
|
|a computer
|b c
|2 rdamedia
|
| 338 |
|
|
|a online resource
|b cr
|2 rdacarrier
|
| 347 |
|
|
|a text file
|2 rdaft
|
| 347 |
|
|
|b PDF
|
| 490 |
1 |
|
|a Biblioteca de derecho comercial
|
| 588 |
0 |
|
|a Online resource; title from PDF title page (Digitalia, viewed December 3, 2025)
|
| 650 |
|
0 |
|a Stock exchanges
|x Law and legislation
|z Italy.
|
| 650 |
|
0 |
|a Banking law
|z Italy.
|
| 700 |
1 |
|
|a Agurto Gonzáles, Carlos Antonio,
|e editor.
|
| 700 |
1 |
|
|a Quequejana Mamani, Sonia Lidia,
|e editor.
|
| 700 |
1 |
|
|a Choque Cuenca, Benigno,
|e editor.
|
| 700 |
1 |
|
|a Gay de Montellá, R.
|q (Rafael),
|d 1882-
|e translator.
|
| 700 |
1 |
|
|i Translation of:
|a Messineo, Francesco,
|d 1886-1974.
|t Operazioni di borsa e di banca.
|
| 791 |
2 |
|
|a Digitalia (Firm),
|e distributor.
|
| 793 |
0 |
|
|g Digitalia eBook Collection:
|a Ediciones Olejnik
|
| 776 |
0 |
8 |
|i Print version:
|a Messineo, Francesco, 1886-1974.
|s Operazioni di borsa e di banca. Spanish (Gay de Montellá).
|t Operaciones de bolsa y de banca.
|b Primera edición en Ediciones Olejnik.
|d Santiago, Chile : Ediciones Olejnik, 2023
|z 9789564073835
|
| 830 |
|
0 |
|a Biblioteca de derecho comercial.
|
| 856 |
4 |
0 |
|3 Digitalia Hispánica
|u https://www.digitaliapublishing.com/a/157874/
|
| 910 |
|
|
|a Premium collection: 2025
|